00680nam a2200193 a 4500001001000000003000500010005001700015008004100032010001100073011001100084040000900095100003900104245013300143260003700276300001000313502009700323650002700420650003900447000107664CHAP20220329143938.0131003s2011 mx |rm |0|||||spa d a104126 a105098 cCHAP1 aRamírez Sánchez, Juana Rosivel10aRendimiento del amaranto (Amaranthus spp.) en respuesta a la fertilización edáfica /cpor Juana Rosivel Ramírez Sánchez. aCocula, Gro. :bEl autor,c2011. a56 h. aTesis (Ing. Agrónomo Fitotecnista) -- Colegio Superior Agropecuario del Estado de Guerrero14aAmarantoxRendimiento.14aFertilizantesxEfecto en amaranto.